THE MOUNTAIN OF ADVENTURE (Record no. 12115)

MARC details
000 -LEADER
fixed length control field 00260nam a22000977a 4500
008 - FIXED-LENGTH DATA ELEMENTS--GENERAL INFORMATION
fixed length control field 221031b |||||||| |||| 00| 0 eng d
020 ## - INTERNATIONAL STANDARD BOOK NUMBER
International Standard Book Number 9781447262794
100 ## - MAIN ENTRY--PERSONAL NAME
Personal name BLYTON GUID
9 (RLIN) 7607
245 ## - TITLE STATEMENT
Title THE MOUNTAIN OF ADVENTURE
260 ## - PUBLICATION, DISTRIBUTION, ETC. (IMPRINT)
Place of publication, distribution, etc. LONDON
Name of publisher, distributor, etc. MACMILLAN BOOKS
Date of publication, distribution, etc. 2014
Holdings
Withdrawn status Lost status Source of classification or shelving scheme Damaged status Koha normalized classification for sorting Not for loan Collection code Home library Current library Shelving location Date acquired Total Checkouts Total Renewals Full call number Barcode Date last seen Date last checked out Price effective from Koha item type
    Dewey Decimal Classification   BLY_823_000000000000000   Fiction Good Samaritan School Library Good Samaritan School Library FICTION 10/31/2022 6 1 BLY823 BLY17360 09/04/2024 08/29/2024 10/31/2022 BOOK

Powered by Koha